Communes du Var (83) de plus de 10000 habitants - Statistiques

Statistiques générales
  • Ce quiz a été pris 80 fois
  • Le résultat moyen est 13 sur 25
Statistiques - réponses
Habitants Communes % Correct
180834 (préfecture) Toulon
100%
55384 Hyères
98%
58499 Fréjus
92%
62905 La Seyne-sur-Mer
90%
40789 Draguignan
86%
36632 Saint-Raphaël
80%
17846 Brignoles
73%
14394 Sainte-Maxime
69%
26316 La Garde
59%
17938 Sanary-sur-Mer
57%
14320 Ollioules
53%
36843 Six-Fours-les-Plages
49%
23660 La Valette-du-Var
43%
11668 Saint-Cyr-sur-Mer
43%
17691 Saint-Maximin-la-Sainte-Baume
37%
10582 Le Pradet
31%
11010 La Londe-les-Maures
29%
12076 Cogolin
27%
12841 Cuers
27%
15006 Roquebrune-sur-Argens
27%
19416 La Crau
25%
11124 Le Luc
18%
12210 Solliès-Pont
18%
12712 Vidauban
14%
10098 Le Beausset
12%
Aucun quiz correspondant
Distribution des résultats
% des personnes avec chaque résultat
Percentile par nombre de réponses
Votre historique - résultats
Vous n’avez pas pris ce quiz